000 00650nam a2200205Ia 4500
999 _c28652
_d28652
003 GCL
005 20240530101918.0
008 140319s9999 xx 000 0 ara d
040 _aGCL /
_cGCL
082 0 4 _a191
_bع م
100 1 _aعمر الشارنى
245 1 0 _aالمفهوم فى موضعه او فى العلاقة بين الفلسفة والعلوم /
_cعمر الشارنى
260 _a[S.N] :
_bدار الجنوب للنشر ،
_c1992
300 _a132 ص
490 _aمفاتيح
_v0
650 0 4 _aالفلسفة
650 0 4 _aالفلسفة العربية
650 0 4 _aالفلسفة الحديثة
942 _2ddc
_cBK